[Event "Titled Tuesday intern op 09th Aug Early"]
[Site "Chess.com INT"]
[Date "2022.08.09"]
[Round "7"]
[White "Clawitter, Craig"]
[Black "Sawlin, Leonid"]
[Result "0-1"]
[WhiteElo "2050"]
[BlackElo "2405"]
[PlyCount "28"]
[EventDate "2022.08.09"]
[EventType "swiss (blitz)"]
[EventRounds "11"]
[EventCountry "USA"]
[SourceTitle "EXT 2023"]
[Source "ChessBase"]
[SourceDate "2022.10.05"]
[SourceVersion "1"]
[SourceVersionDate "2022.10.05"]
[SourceQuality "1"]

1. e4 c5 2. Nf3 e6 3. d4 cxd4 4. Nxd4 Nc6 5. Nc3 Nf6 6. Ndb5 Bc5 7. Bf4 0-0 8. Bd6 Bxd6 9. Qxd6 a6 10. Nc7 Ra7 11. e5 Ng4 12. f4 b6 13. Be2 Ne3 14. Kd2 Nf5 0-1

[Event "BL2-Nord 2122"]
[Site "Germany"]
[Date "2022.06.18"]
[Round "7.1"]
[White "Sawlin, Leonid"]
[Black "Ivic, Velimir"]
[Result "1/2-1/2"]
[WhiteElo "2405"]
[BlackElo "2625"]
[PlyCount "64"]
[EventDate "2022.03.05"]
[EventType "team-tourn"]
[EventRounds "10"]
[EventCountry "GER"]
[SourceTitle "EXT 2023"]
[Source "ChessBase"]
[SourceDate "2022.10.05"]
[SourceVersion "1"]
[SourceVersionDate "2022.10.05"]
[SourceQuality "1"]
[WhiteTeam "Zehlendorf"]
[BlackTeam "Kirchweyhe"]
[WhiteTeamCountry "GER"]
[BlackTeamCountry "GER"]

1. e4 c5 2. Nf3 g6 3. d4 cxd4 4. Nxd4 Nc6 5. c4 Nf6 6. Nc3 Nxd4 7. Qxd4 d6 8. Be2 Bg7 9. Be3 0-0 10. Qd2 a5 11. 0-0 a4 12. Rad1 Qa5 13. Rfe1 Be6 14. Bd4 Rfc8 15. b3 axb3 16. axb3 Qb4 17. Bxf6 Bxf6 18. Nd5 Qxb3 19. Nxf6+ exf6 20. Qxd6 Bxc4 21. Bxc4 Rxc4 22. h3 b5 23. Rb1 Qc3 24. Re3 Ra1 25. Rxc3 Rxb1+ 26. Kh2 Rxc3 27. e5 Rc8 28. Qd7 Rbc1 29. e6 fxe6 30. Qxe6+ Kg7 31. Qe7+ Kg8 32. Qe6+ Kg7 1/2-1/2

[Event "Titled Tuesday intern op 18th Jan"]
[Site "Chess.com INT"]
[Date "2022.01.18"]
[Round "3"]
[White "Gheorghiu, Calin"]
[Black "Sawlin, Leonid"]
[Result "0-1"]
[WhiteElo "2286"]
[BlackElo "2409"]
[PlyCount "64"]
[EventDate "2022.01.18"]
[EventType "swiss (blitz)"]
[EventRounds "11"]
[EventCountry "USA"]
[SourceTitle "CBM 206 Extra"]
[Source "ChessBase"]
[SourceDate "2022.03.31"]
[SourceVersion "1"]
[SourceVersionDate "2022.03.31"]
[SourceQuality "1"]

1. d4 e6 2. Nf3 d5 3. g3 Nf6 4. Bg2 Be7 5. 0-0 0-0 6. c4 c6 7. Nc3 dxc4 8. e4 b5 9. e5 Nd5 10. Ne4 a5 11. h4 h6 12. Nh2 Nd7 13. Qh5 Qe8 14. Bxh6 f5 15. Qe2 gxh6 16. Nd6 Bxd6 17. exd6 Rf6 18. Rae1 Qf8 19. g4 Qxd6 20. g5 hxg5 21. hxg5 Rg6 22. Qh5 Nf4 23. Qh4 Nxg2 24. Kxg2 c5 25. Nf3 Bb7 26. Rh1 Nf8 27. Re5 Qxd4 28. Qh8+ Kf7 29. Rh7+ Nxh7 30. Qxh7+ Rg7 31. g6+ Kf6 32. Qh5 Bxf3+ 0-1

[Event "Titled Tuesday intern op 18th Jan"]
[Site "Chess.com INT"]
[Date "2022.01.18"]
[Round "4"]
[White "Sawlin, Leonid"]
[Black "Kaufman, Raymond"]
[Result "0-1"]
[WhiteElo "2409"]
[BlackElo "2255"]
[PlyCount "52"]
[EventDate "2022.01.18"]
[EventType "swiss (blitz)"]
[EventRounds "11"]
[EventCountry "USA"]
[SourceTitle "CBM 206 Extra"]
[Source "ChessBase"]
[SourceDate "2022.03.31"]
[SourceVersion "1"]
[SourceVersionDate "2022.03.31"]
[SourceQuality "1"]

1. e4 c5 2. Nf3 e6 3. Nc3 a6 4. g3 b5 5. Bg2 Bb7 6. a3 d6 7. d4 cxd4 8. Nxd4 Nf6 9. 0-0 Qc7 10. Re1 Be7 11. e5 dxe5 12. Ndxb5 axb5 13. Nxb5 Qc8 14. Bxb7 Qxb7 15. Nd6+ Bxd6 16. Qxd6 Nc6 17. b4 Nd4 18. Rd1 Rd8 19. Qxd8+ Kxd8 20. c3 Qf3 21. Be3 Ng4 22. cxd4 Nxe3 23. fxe3 Qxe3+ 24. Kg2 exd4 25. Rxd4+ Qxd4 26. Rd1 Qxd1 0-1

[Event "Titled Tuesday intern op 14th Dec"]
[Site "Chess.com INT"]
[Date "2021.12.14"]
[Round "4"]
[White "Sawlin, Leonid"]
[Black "Jodorcovsky Werjivker, Paulo"]
[Result "1/2-1/2"]
[WhiteElo "2409"]
[BlackElo "2213"]
[PlyCount "86"]
[EventDate "2021.12.14"]
[EventType "swiss (blitz)"]
[EventRounds "11"]
[EventCountry "USA"]
[SourceTitle "EXT 2023"]
[Source "ChessBase"]
[SourceDate "2022.10.05"]
[SourceVersion "1"]
[SourceVersionDate "2022.10.05"]
[SourceQuality "1"]

1. e4 e5 2. Nf3 Nc6 3. Bc4 Nf6 4. d3 Bc5 5. 0-0 d6 6. a4 0-0 7. Re1 a6 8. h3 Be6 9. Nc3 h6 10. Ba2 Ba7 11. Nd5 Bxd5 12. exd5 Nb4 13. c4 Nxa2 14. Rxa2 Re8 15. Be3 Bxe3 16. Rxe3 e4 17. Nd4 exd3 18. Qxd3 Rxe3 19. Qxe3 Qe8 20. Ra3 Qd7 21. Qf3 Re8 22. Nf5 Kh7 23. a5 Ne4 24. Re3 Ng5 25. Qf4 Rxe3 26. Nxe3 Qe7 27. h4 Ne4 28. h5 Nf6 29. Qf5+ Kh8 30. Qc8+ Kh7 31. Qxb7 Nxh5 32. Qxa6 Qe4 33. Qc8 Qb1+ 34. Kh2 g6 35. Qxc7 Kg7 36. Qxd6 Qxb2 37. a6 Qxf2 38. Qe5+ Kh7 39. a7 Qh4+ 40. Kg1 Qe1+ 41. Kh2 Qh4+ 42. Kg1 Qe1+ 43. Kh2 Qh4+ 1/2-1/2

[Event "Titled Tuesday intern op 14th Dec"]
[Site "Chess.com INT"]
[Date "2021.12.14"]
[Round "9"]
[White "Stankovic, Ivan G"]
[Black "Sawlin, Leonid"]
[Result "0-1"]
[WhiteElo "2255"]
[BlackElo "2409"]
[PlyCount "90"]
[EventDate "2021.12.14"]
[EventType "swiss (blitz)"]
[EventRounds "11"]
[EventCountry "USA"]
[SourceTitle "EXT 2023"]
[Source "ChessBase"]
[SourceDate "2022.10.05"]
[SourceVersion "1"]
[SourceVersionDate "2022.10.05"]
[SourceQuality "1"]

1. e4 c5 2. c4 Nc6 3. Nc3 g6 4. g3 Bg7 5. Bg2 Nf6 6. Nge2 0-0 7. d3 a6 8. Rb1 Rb8 9. a3 b5 10. cxb5 axb5 11. b4 cxb4 12. axb4 d6 13. 0-0 Nd7 14. Be3 e6 15. Qd2 Qe7 16. Rfe1 Rd8 17. Bg5 Bf6 18. Bh6 Nde5 19. h3 Nd7 20. Be3 Qf8 21. Bh6 Bg7 22. Bxg7 Qxg7 23. Qe3 e5 24. Nd5 Nf6 25. Qg5 Nxd5 26. exd5 f6 27. Qe3 Ne7 28. d4 Nf5 29. Qd2 Qa7 30. dxe5 dxe5 31. Nc3 Nxg3 32. Ra1 Qb6 33. Kh2 Nf5 34. Ne4 Kg7 35. Nc5 Qd6 36. Kg1 Nd4 37. Ra7+ Kg8 38. Qh6 Bd7 39. Ne6 Nxe6 40. dxe6 Qxe6 41. Rd1 Kh8 42. Bd5 Qxh3 43. Qc1 Rbc8 44. Qe3 Qg4+ 45. Bg2 Qxd1+ 0-1

[Event "Titled Tuesday intern op 30th Nov"]
[Site "Chess.com INT"]
[Date "2021.11.30"]
[Round "5"]
[White "Jarocka, Liwia"]
[Black "Sawlin, Leonid"]
[Result "0-1"]
[WhiteElo "2006"]
[BlackElo "2409"]
[PlyCount "58"]
[EventDate "2021.11.30"]
[EventType "swiss (blitz)"]
[EventRounds "11"]
[EventCountry "USA"]
[SourceTitle "CBM 205 Extra"]
[Source "ChessBase"]
[SourceDate "2022.01.31"]
[SourceVersion "1"]
[SourceVersionDate "2022.01.31"]
[SourceQuality "1"]

1. d4 e6 2. c4 d5 3. Nf3 Nf6 4. g3 dxc4 5. Bg2 Nc6 6. 0-0 Rb8 7. Bg5 b5 8. e4 Be7 9. Bxf6 Bxf6 10. e5 Be7 11. Nc3 0-0 12. h4 Bb7 13. Qd2 b4 14. Ne4 a5 15. Rfd1 h6 16. Rac1 Qd5 17. Nfg5 hxg5 18. Nf6+ gxf6 19. Bxd5 exd5 20. exf6 Bxf6 21. Qe3 gxh4 22. Qf4 Bg7 23. Qxh4 Rbe8 24. Kg2 Re4 25. Qh5 Nxd4 26. Rh1 Rfe8 27. Rcd1 Ne6 28. Rxd5 Re5 29. Qh7+ Kf8 0-1

[Event "Titled Tuesday intern op 30th Nov"]
[Site "Chess.com INT"]
[Date "2021.11.30"]
[Round "1"]
[White "Sawlin, Leonid"]
[Black "Kaminski, Victor Kazimierz"]
[Result "1-0"]
[WhiteElo "2409"]
[BlackElo "2247"]
[PlyCount "47"]
[EventDate "2021.11.30"]
[EventType "swiss (blitz)"]
[EventRounds "11"]
[EventCountry "USA"]
[SourceTitle "CBM 205 Extra"]
[Source "ChessBase"]
[SourceDate "2022.01.31"]
[SourceVersion "1"]
[SourceVersionDate "2022.01.31"]
[SourceQuality "1"]

1. e3 e5 2. Ne2 d5 3. d4 e4 4. c4 c6 5. Nbc3 Nf6 6. Nf4 dxc4 7. Bxc4 Be7 8. Qc2 Bf5 9. h3 h5 10. a4 a5 11. b3 Na6 12. Qe2 Nb4 13. 0-0 g5 14. f3 gxf4 15. fxe4 Nxe4 16. Nxe4 Bxe4 17. Bxf7+ Kxf7 18. Rxf4+ Ke8 19. Rxe4 Qd5 20. Re5 Qxb3 21. Bd2 Qd3 22. Qd1 Kd7 23. Rxe7+ Kxe7 24. Bxb4+ 1-0

[Event "Titled Tuesday intern op 23rd Nov"]
[Site "Chess.com INT"]
[Date "2021.11.23"]
[Round "8"]
[White "Odegov, Artem"]
[Black "Sawlin, Leonid"]
[Result "1-0"]
[WhiteElo "2286"]
[BlackElo "2409"]
[PlyCount "183"]
[EventDate "2021.11.23"]
[EventType "swiss (blitz)"]
[EventRounds "11"]
[EventCountry "USA"]
[SourceTitle "CBM 205 Extra"]
[Source "ChessBase"]
[SourceDate "2022.01.31"]
[SourceVersion "1"]
[SourceVersionDate "2022.01.31"]
[SourceQuality "1"]

1. d4 e6 2. c4 d5 3. Nf3 Nf6 4. Nc3 Bb4 5. Bg5 0-0 6. e3 c5 7. Qc2 cxd4 8. exd4 dxc4 9. Bxc4 Nc6 10. Rd1 Be7 11. 0-0 Nd5 12. h4 h6 13. Bxe7 Ncxe7 14. a3 b6 15. Ba2 Bb7 16. Bb1 Nf6 17. Ne5 Rc8 18. Rfe1 Nf5 19. g3 Nxd4 20. Qa4 Rxc3 21. Rxd4 Qc7 22. bxc3 Qxc3 23. Qb4 Qc7 24. Qd2 h5 25. Qf4 Qc3 26. Qd2 Qxa3 27. Qd3 Qa5 28. Qd2 Qa3 29. Qg5 Qc3 30. Red1 Bd5 31. Qe3 Qc7 32. Qd3 Qxe5 33. Rf4 Rc8 34. Rxf6 Qxf6 35. Qh7+ Kf8 36. Qh8+ Ke7 37. Qxc8 Qf3 38. Qc7+ Kf6 39. Qf4+ Qxf4 40. gxf4 g6 41. Rd4 a5 42. Kf1 b5 43. Ke1 b4 44. Kd2 Ke7 45. Be4 Kd6 46. Bxd5 exd5 47. Kc2 Kc5 48. Rd1 a4 49. Kd3 b3 50. Kc3 d4+ 51. Rxd4 b2 52. Rc4+ Kd5 53. Rb4 a3 54. Kc2 Kc5 55. Rb3 a2 56. Kxb2 Kd4 57. Ra3 Ke4 58. Kxa2 Kxf4 59. Kb2 Kg4 60. Kc2 Kxh4 61. Rf3 f5 62. Kd2 Kg4 63. Ke2 h4 64. Ke3 g5 65. Ke2 f4 66. Ra3 h3 67. Kf1 Kh4 68. Kg1 g4 69. Kh2 Kg5 70. Ra4 Kf5 71. Rb4 Ke5 72. f3 Kf5 73. fxg4+ Kxg4 74. Rc4 Kf3 75. Kxh3 Ke3 76. Kg2 f3+ 77. Kf1 Kd3 78. Rf4 Ke3 79. Rf8 Ke4 80. Kf2 Kd3 81. Rxf3+ Kd4 82. Re3 Kc4 83. Ke2 Kd4 84. Kd2 Kc4 85. Rd3 Kc5 86. Kc3 Kb5 87. Rd5+ Kc6 88. Kc4 Kc7 89. Kc5 Kb7 90. Rd7+ Ka6 91. Rc7 Ka5 92. Ra7# 1-0

[Event "Titled Tuesday intern op 23rd Nov"]
[Site "Chess.com INT"]
[Date "2021.11.23"]
[Round "5"]
[White "Samadov, Read"]
[Black "Sawlin, Leonid"]
[Result "1-0"]
[WhiteElo "2375"]
[BlackElo "2409"]
[PlyCount "123"]
[EventDate "2021.11.23"]
[EventType "swiss (blitz)"]
[EventRounds "11"]
[EventCountry "USA"]
[SourceTitle "CBM 205 Extra"]
[Source "ChessBase"]
[SourceDate "2022.01.31"]
[SourceVersion "1"]
[SourceVersionDate "2022.01.31"]
[SourceQuality "1"]

1. d4 e6 2. c4 d5 3. Nf3 Nf6 4. g3 dxc4 5. Bg2 Nc6 6. 0-0 Rb8 7. Nc3 b5 8. Ne5 Nxe5 9. dxe5 Qxd1 10. Rxd1 Nd7 11. Bc6 b4 12. Nb5 a6 13. Na7 Rb6 14. Be3 Rxc6 15. Nxc6 Bb7 16. Na5 Bd5 17. Rac1 Nxe5 18. Bf4 Bd6 19. Bxe5 Bxe5 20. Nxc4 Bf6 21. b3 Ke7 22. Ne3 c6 23. Nxd5+ cxd5 24. Rc7+ Kd6 25. Rxf7 Rc8 26. Ra7 Rc6 27. e4 Kc5 28. exd5 exd5 29. Rd7 Bd4 30. Kg2 Re6 31. Rd8 Rc6 32. f4 a5 33. Kf3 a4 34. g4 axb3 35. axb3 Rc7 36. h4 Rc6 37. h5 Rc7 38. g5 Rc6 39. f5 h6 40. gxh6 gxh6 41. Kf4 Rc7 42. f6 Bxf6 43. R8xd5+ Kb6 44. Rd6+ Rc6 45. Kf5 Bg5 46. Kg6 Rxd6+ 47. Rxd6+ Kc5 48. Rd3 Bc1 49. Kh7 Bg5 50. Rg3 Bf4 51. Rf3 Bc1 52. Kg6 Kd4 53. Kf5 Bg5 54. Ke6 Bc1 55. Kd6 Bg5 56. Kc6 Ke4 57. Rf7 Kd3 58. Kb5 Bd2 59. Rd7+ Kc3 60. Rxd2 Kxd2 61. Kxb4 Ke3 62. Kc4 1-0

[Event "Titled Tuesday intern op 23rd Nov"]
[Site "Chess.com INT"]
[Date "2021.11.23"]
[Round "9"]
[White "Sawlin, Leonid"]
[Black "Jaskolka, Tomasz"]
[Result "1-0"]
[WhiteElo "2409"]
[BlackElo "2193"]
[PlyCount "91"]
[EventDate "2021.11.23"]
[EventType "swiss (blitz)"]
[EventRounds "11"]
[EventCountry "USA"]
[SourceTitle "CBM 205 Extra"]
[Source "ChessBase"]
[SourceDate "2022.01.31"]
[SourceVersion "1"]
[SourceVersionDate "2022.01.31"]
[SourceQuality "1"]

1. e4 e6 2. d4 d5 3. Nc3 Bb4 4. e5 Ne7 5. a3 Bxc3+ 6. bxc3 c5 7. Qg4 Qc7 8. Qxg7 Rg8 9. Qxh7 cxd4 10. Ne2 Nbc6 11. f4 dxc3 12. h4 Bd7 13. h5 0-0-0 14. Qd3 Rdf8 15. h6 f5 16. exf6 Rxf6 17. h7 Rh8 18. Qxc3 d4 19. Nxd4 Nd5 20. Qb2 e5 21. Nxc6 Rxc6 22. Bd3 Rb6 23. Qa2 Be6 24. Qc4 Rc6 25. Qa4 exf4 26. Qxa7 Qe5+ 27. Kf2 Qxa1 28. Qa8+ Kc7 29. Bxf4+ Nxf4 30. Qa5+ Kd7 31. Rxa1 Nxd3+ 32. cxd3 Rxh7 33. Qb5 Kc7 34. Qe5+ Kd7 35. Rb1 Rf7+ 36. Kg1 b6 37. Qd4+ Kc7 38. a4 Rd7 39. Qe5+ Kb7 40. a5 Rd5 41. Qe1 b5 42. Qe4 Rdc5 43. d4 Rc4 44. Rxb5+ Ka6 45. Rb6+ Kxa5 46. Rxc6 1-0

[Event "Titled Tuesday intern op 23rd Nov"]
[Site "Chess.com INT"]
[Date "2021.11.23"]
[Round "1"]
[White "Sawlin, Leonid"]
[Black "Stojanovski, Sandi"]
[Result "1-0"]
[WhiteElo "2409"]
[BlackElo "2232"]
[PlyCount "81"]
[EventDate "2021.11.23"]
[EventType "swiss (blitz)"]
[EventRounds "11"]
[EventCountry "USA"]
[SourceTitle "CBM 205 Extra"]
[Source "ChessBase"]
[SourceDate "2022.01.31"]
[SourceVersion "1"]
[SourceVersionDate "2022.01.31"]
[SourceQuality "1"]

1. e4 c5 2. Nf3 Nc6 3. d4 cxd4 4. Nxd4 Nf6 5. Nc3 e5 6. Ndb5 d6 7. Bg5 a6 8. Na3 b5 9. Nd5 Be7 10. Bxf6 Bxf6 11. c3 Bg5 12. Nc2 0-0 13. a4 bxa4 14. Rxa4 Rb8 15. Qa1 a5 16. Bc4 Kh8 17. 0-0 f5 18. exf5 Bxf5 19. Nce3 Be6 20. Qa3 Bxe3 21. Nxe3 d5 22. Be2 d4 23. cxd4 Nxd4 24. Bd3 Qb6 25. Rxa5 Qxb2 26. Qxb2 Rxb2 27. Rxe5 Bb3 28. h4 h6 29. h5 Ne2+ 30. Kh2 Nf4 31. Be4 Re2 32. Bf3 Rd2 33. Rb5 Be6 34. Kg3 Ne2+ 35. Bxe2 Rxe2 36. Re5 Bg8 37. Re7 Rd2 38. f3 Ra2 39. Rc1 Ra5 40. Rcc7 Rg5+ 41. Ng4 1-0

[Event "Titled Tuesday intern op 19th Oct"]
[Site "Chess.com INT"]
[Date "2021.10.19"]
[Round "6"]
[White "Bordi, Kevin Claude"]
[Black "Sawlin, Leonid"]
[Result "1/2-1/2"]
[WhiteElo "2288"]
[BlackElo "2409"]
[PlyCount "132"]
[EventDate "2021.10.19"]
[EventType "swiss (blitz)"]
[EventRounds "11"]
[EventCountry "USA"]
[SourceTitle "CBM 204 Extra"]
[Source "ChessBase"]
[SourceDate "2021.11.30"]
[SourceVersion "1"]
[SourceVersionDate "2021.11.30"]
[SourceQuality "1"]

1. d4 e6 2. e4 d5 3. Nd2 c5 4. exd5 Qxd5 5. Ngf3 cxd4 6. Bc4 Qd7 7. 0-0 Nc6 8. Nb3 a6 9. Nbxd4 Nxd4 10. Qxd4 Qxd4 11. Nxd4 Bd7 12. Be2 Rc8 13. Bf3 Bc5 14. Nb3 Bc6 15. Bxc6+ Rxc6 16. Na5 Rc7 17. Bf4 Re7 18. a3 Nf6 19. b4 Nd5 20. Bg3 Bd4 21. Rad1 Bc3 22. Rd3 f6 23. Rfd1 Kf7 24. Nc4 b5 25. Nd6+ Kg6 26. Ne4 Rc8 27. Nc5 a5 28. Bd6 Ree8 29. Nxe6 Rxe6 30. Rxd5 axb4 31. axb4 Rd8 32. R5d3 Re1+ 33. Rxe1 Bxe1 34. Kf1 Re8 35. Bc5 Kf7 36. c3 f5 37. Bd4 g5 38. Re3 Bd2 39. Rxe8 Kxe8 40. g3 g4 41. Ke2 Bg5 42. Kd3 Kd7 43. c4 Kc6 44. Bc5 Bf6 45. cxb5+ Kxb5 46. Ke3 Be5 47. f3 h5 48. fxg4 fxg4 49. Kf2 Kc4 50. Kg2 Bc7 51. Be7 Be5 52. h3 Bc3 53. h4 Bd4 54. Bd6 Kb5 55. Kf1 Kc4 56. Ke2 Bb6 57. Bc5 Bc7 58. Kf2 Be5 59. Kg2 Bc7 60. Be7 Be5 61. Kf2 Bd4+ 62. Ke2 Be5 63. Kf2 Bd4+ 64. Kg2 Be5 65. Bf8 Bd4 66. Be7 Be5 1/2-1/2

[Event "Titled Tuesday intern op 19th Oct"]
[Site "Chess.com INT"]
[Date "2021.10.19"]
[Round "11"]
[White "Maly, Alexey"]
[Black "Sawlin, Leonid"]
[Result "1/2-1/2"]
[WhiteElo "2368"]
[BlackElo "2409"]
[PlyCount "99"]
[EventDate "2021.10.19"]
[EventType "swiss (blitz)"]
[EventRounds "11"]
[EventCountry "USA"]
[SourceTitle "CBM 204 Extra"]
[Source "ChessBase"]
[SourceDate "2021.11.30"]
[SourceVersion "1"]
[SourceVersionDate "2021.11.30"]
[SourceQuality "1"]

1. d4 e6 2. c4 d5 3. Nf3 Nf6 4. e3 Nbd7 5. Nbd2 a6 6. Bd3 dxc4 7. Nxc4 b5 8. Nce5 c5 9. 0-0 Bb7 10. a4 c4 11. Be2 Bd6 12. axb5 axb5 13. Rxa8 Qxa8 14. b3 Nd5 15. bxc4 Nc3 16. Qc2 Nxe2+ 17. Qxe2 Bxe5 18. dxe5 Bxf3 19. Qxf3 Qxf3 20. gxf3 bxc4 21. Ba3 Nxe5 22. Rc1 Nxf3+ 23. Kg2 Ne5 24. Bb2 Nd3 25. Rxc4 0-0 26. Bd4 e5 27. Bc3 Rd8 28. f4 exf4 29. exf4 f6 30. Kf3 Rd7 31. h4 Kf7 32. h5 Ke6 33. h6 gxh6 34. Rc6+ Rd6 35. f5+ Ke7 36. Rc7+ Ke8 37. Rxh7 Ne5+ 38. Ke4 Nf7 39. Rg7 Rb6 40. Rg6 Ke7 41. Bd4 Nd6+ 42. Kd5 Rb5+ 43. Kc6 Rxf5 44. Bc5 Kf7 45. Rxh6 Ne4 46. Bd4 Ke6 47. Rh4 Ng5 48. Rh6 Nf3 49. Rxf6+ Rxf6 50. Bxf6 1/2-1/2

[Event "Titled Tuesday intern op 19th Oct"]
[Site "Chess.com INT"]
[Date "2021.10.19"]
[Round "9"]
[White "Sawlin, Leonid"]
[Black "Kovalev, Vladislav"]
[Result "0-1"]
[WhiteElo "2409"]
[BlackElo "2634"]
[PlyCount "150"]
[EventDate "2021.10.19"]
[EventType "swiss (blitz)"]
[EventRounds "11"]
[EventCountry "USA"]
[SourceTitle "CBM 204 Extra"]
[Source "ChessBase"]
[SourceDate "2021.11.30"]
[SourceVersion "1"]
[SourceVersionDate "2021.11.30"]
[SourceQuality "1"]

1. e4 e5 2. Nf3 Nc6 3. Bc4 Nf6 4. d3 Bc5 5. 0-0 d6 6. Re1 a6 7. c3 h6 8. a4 0-0 9. Na3 Ba7 10. Nc2 Be6 11. Ba2 Bxa2 12. Rxa2 d5 13. exd5 Qxd5 14. c4 Qd6 15. b4 e4 16. dxe4 Bxf2+ 17. Kxf2 Nxe4+ 18. Kf1 Qxd1 19. Rxd1 Nc3 20. Ra3 Nxd1 21. Ke2 Rad8 22. Nd2 Ne5 23. Kxd1 Nxc4 24. Rc3 b5 25. axb5 axb5 26. Ke2 Rfe8+ 27. Ne3 Nxe3 28. Rxe3 Rxe3+ 29. Kxe3 Re8+ 30. Kd3 Re1 31. Bb2 Rg1 32. g3 Rg2 33. Be5 c6 34. Nf3 f6 35. Bd6 Kf7 36. Bc5 g5 37. Ke4 Kg6 38. Nd4 Rxh2 39. Nxc6 h5 40. Ne7+ Kf7 41. Nd5 h4 42. gxh4 Rxh4+ 43. Kf5 Rh1 44. Nxf6 Rf1+ 45. Kxg5 Rxf6 46. Kg4 Rf1 47. Kg3 Ke6 48. Kg2 Rf5 49. Kg3 Kd5 50. Kg4 Rf7 51. Kg5 Kc4 52. Kg4 Rf1 53. Kg3 Rb1 54. Kf3 Rxb4 55. Bd6 Rb3+ 56. Ke4 Rd3 57. Be5 b4 58. Bf6 b3 59. Be5 Rd2 60. Ke3 Rd5 61. Bb2 Rd1 62. Ke2 Rb1 63. Be5 b2 64. Kd2 Kb3 65. Bc3 Rd1+ 66. Kxd1 Kxc3 67. Ke2 b1Q 68. Ke3 Qd3+ 69. Kf4 Kd4 70. Kg5 Qf1 71. Kg6 Ke5 72. Kg7 Ke6 73. Kh8 Qg2 74. Kh7 Kf6 75. Kh8 Qg7# 0-1

[Event "Berlin Rising Stars GM"]
[Site "Berlin"]
[Date "2021.09.21"]
[Round "5"]
[White "Krastev, Alexander"]
[Black "Sawlin, Leonid"]
[Result "1-0"]
[WhiteElo "2393"]
[BlackElo "2410"]
[PlyCount "85"]
[EventDate "2021.09.19"]
[EventType "tourn"]
[EventRounds "9"]
[EventCountry "GER"]
[EventCategory "8"]
[SourceTitle "CBM 204 Extra"]
[Source "ChessBase"]
[SourceDate "2021.11.30"]
[SourceVersion "1"]
[SourceVersionDate "2021.11.30"]
[SourceQuality "1"]

1. e4 e6 2. d3 d5 3. Qe2 dxe4 4. dxe4 e5 5. Nf3 Nd7 6. Nbd2 Ngf6 7. Nc4 Qe7 8. Bd2 b6 9. Bc3 Bb7 10. Nfxe5 Nxe4 11. Nxd7 Nxc3 12. bxc3 Kxd7 13. Rd1+ Kc8 14. Ne3 g6 15. Qd2 Bh6 16. Be2 Bxg2 17. Qd4 Bxh1 18. Ba6+ Bb7 19. Qxh8+ Bf8 20. Bc4 Bf3 21. Ba6+ Bb7 22. Bc4 b5 23. Bxb5 c6 24. Bc4 Kc7 25. Qxh7 f5 26. Qxg6 f4 27. Be6 fxe3 28. Rd7+ Qxd7 29. Bxd7 exf2+ 30. Kxf2 Kxd7 31. Qf5+ Kd6 32. h4 Be7 33. Qg6+ Ke5 34. Qg7+ Ke6 35. Qg4+ Kd6 36. Qb4+ c5 37. Qxb7 Bxh4+ 38. Kf3 Rf8+ 39. Kg4 Bf6 40. Qa6+ Kd5 41. c4+ Ke4 42. Qe6+ Be5 43. Qd5+ 1-0

[Event "Berlin BSV IM"]
[Site "Berlin"]
[Date "2021.08.04"]
[Round "5"]
[White "Sawlin, Leonid"]
[Black "Arni, Julian Kirsten"]
[Result "1-0"]
[WhiteElo "2385"]
[BlackElo "2200"]
[PlyCount "59"]
[EventDate "2021.08.01"]
[EventType "tourn"]
[EventRounds "9"]
[EventCountry "GER"]
[EventCategory "3"]
[SourceTitle "CBM 203 Extra"]
[Source "ChessBase"]
[SourceDate "2021.09.30"]
[SourceVersion "1"]
[SourceVersionDate "2021.09.30"]
[SourceQuality "1"]

1. e4 c5 2. Nf3 d6 3. d4 cxd4 4. Nxd4 Nf6 5. Nc3 g6 6. Be3 Bg7 7. f3 0-0 8. Qd2 Nc6 9. 0-0-0 d5 10. exd5 Nxd5 11. Nxc6 bxc6 12. Bd4 e5 13. Bc5 Be6 14. Ne4 Re8 15. h4 h6 16. h5 Rb8 17. Bc4 f5 18. Nd6 e4 19. Bb3 e3 20. Qe1 a5 21. Nxe8 Qxe8 22. Bd4 a4 23. Bxd5 Bxd5 24. Bxg7 Kxg7 25. Qc3+ Kg8 26. hxg6 a3 27. b3 Qxg6 28. Qxe3 h5 29. Qa7 Qg5+ 30. Kb1 1-0

[Event "Titled Tuesday intern op 27th July"]
[Site "Chess.com INT"]
[Date "2021.07.27"]
[Round "5"]
[White "Buscar, Michael"]
[Black "Sawlin, Leonid"]
[Result "1-0"]
[WhiteElo "2088"]
[BlackElo "2385"]
[PlyCount "49"]
[EventDate "2021.07.27"]
[EventType "swiss (blitz)"]
[EventRounds "11"]
[EventCountry "USA"]
[SourceTitle "CBM 203 Extra"]
[Source "ChessBase"]
[SourceDate "2021.09.30"]
[SourceVersion "1"]
[SourceVersionDate "2021.09.30"]
[SourceQuality "1"]

1. d4 d5 2. c4 e6 3. g3 c6 4. Bg2 Nf6 5. Nf3 Be7 6. 0-0 0-0 7. b3 a5 8. Nc3 a4 9. Nxa4 dxc4 10. bxc4 b5 11. cxb5 cxb5 12. Nc5 Nc6 13. Ne5 Nxd4 14. Bxa8 Bxc5 15. Bb2 Qb6 16. e3 Nf5 17. Bg2 Ba6 18. Qb3 b4 19. Rfc1 h5 20. a3 bxa3 21. Qxb6 Bxb6 22. Bxa3 Rd8 23. Rc6 Rb8 24. Bd6 Nxd6 25. Rxa6 1-0

[Event "Titled Tuesday intern op 27th July"]
[Site "Chess.com INT"]
[Date "2021.07.27"]
[Round "1"]
[White "Sawlin, Leonid"]
[Black "Bach, Ngoc Thuy Duong"]
[Result "1-0"]
[WhiteElo "2385"]
[BlackElo "2198"]
[PlyCount "81"]
[EventDate "2021.07.27"]
[EventType "swiss (blitz)"]
[EventRounds "11"]
[EventCountry "USA"]
[SourceTitle "CBM 203 Extra"]
[Source "ChessBase"]
[SourceDate "2021.09.30"]
[SourceVersion "1"]
[SourceVersionDate "2021.09.30"]
[SourceQuality "1"]

1. e4 c5 2. Nf3 d6 3. d4 cxd4 4. Nxd4 Nf6 5. Nc3 a6 6. Bg5 e6 7. f4 Nbd7 8. Qe2 Qc7 9. 0-0-0 Be7 10. Kb1 b5 11. a3 Bb7 12. g4 h6 13. Bxf6 Bxf6 14. Ndxb5 axb5 15. Nxb5 Qb6 16. Nxd6+ Ke7 17. Qb5 Qxb5 18. Bxb5 Rab8 19. Bxd7 Bxe4 20. Nxe4 Bxb2 21. a4 Rhd8 22. Bb5 Bd4 23. f5 exf5 24. gxf5 Kf8 25. c3 Be5 26. Kc2 f6 27. h3 Rbc8 28. Rxd8+ Rxd8 29. Nc5 Rc8 30. Nd7+ Ke7 31. Nxe5 fxe5 32. Re1 Kf6 33. a5 Rc5 34. c4 Kxf5 35. a6 Rc7 36. Rd1 e4 37. Rd7 Rc8 38. a7 e3 39. Kd3 Kf4 40. Rf7+ Kg3 41. Kxe3 1-0

[Event "Titled Tuesday intern op 06th July"]
[Site "Chess.com INT"]
[Date "2021.07.06"]
[Round "10"]
[White "Sawlin, Leonid"]
[Black "Assaubayeva, Bibissara"]
[Result "0-1"]
[WhiteElo "2385"]
[BlackElo "2389"]
[PlyCount "84"]
[EventDate "2021.07.06"]
[EventType "swiss (blitz)"]
[EventRounds "11"]
[EventCountry "USA"]
[SourceTitle "EXT 2022"]
[Source "ChessBase"]
[SourceDate "2021.10.06"]
[SourceVersion "1"]
[SourceVersionDate "2021.10.06"]
[SourceQuality "1"]

1. e4 c5 2. Nf3 d6 3. d4 cxd4 4. Nxd4 Nf6 5. Nc3 a6 6. Bg5 e6 7. f4 Be7 8. Qe2 Qc7 9. 0-0-0 h6 10. Bh4 Nbd7 11. Kb1 b5 12. a3 Bb7 13. g4 Rc8 14. Bg2 Nb6 15. e5 Bxg2 16. Qxg2 dxe5 17. fxe5 Nfd5 18. Nxd5 Nxd5 19. Bxe7 Qxe7 20. Nf5 exf5 21. Rxd5 f4 22. Qe4 Rc4 23. Rd4 0-0 24. Rxc4 bxc4 25. Qxf4 c3 26. Rd1 Rb8 27. b4 a5 28. Rd4 axb4 29. axb4 Qa7 30. Qe3 Rxb4+ 31. Rxb4 Qxe3 32. Ka2 Qxe5 33. Kb3 Qxh2 34. Kxc3 Qg3+ 35. Kb2 g6 36. Rb3 Qxg4 37. Rb8+ Kg7 38. Rb3 h5 39. Rd3 h4 40. Kb3 h3 41. c4 h2 42. Rd1 Qxd1+ 0-1